| 000 | 00976nam a22002537a 4500 | ||
|---|---|---|---|
| 999 |
_c65472 _d65472 |
||
| 005 | 20240530110826.0 | ||
| 008 | 190805s2018 ua a g b 000 0 ara d | ||
| 017 |
_a2017/23192 _bمصر . دار الكتب المصرية |
||
| 020 | _a9789779115078 | ||
| 040 | _aEG-CaGPL | ||
| 082 | 0 | 4 |
_221 _a306.0962 _bق/أ س |
| 100 | 0 | _aاحمد عجاج | |
| 245 | 1 | 0 |
_aسياسات مصر الثقافية فى افريقيا / _cاحمد عجاج |
| 250 | _aط.1 | ||
| 260 |
_aالقاهرة : _bالهيئة المصرية العامة للكتاب، _c2018 |
||
| 300 |
_a306 ص. : _bايض. ؛ _c24 سم. |
||
| 504 | _aيشتمل على ارجاعات ببليوجرافية | ||
| 650 | 0 | 7 | _aالثقافة |
| 651 | 0 | 7 |
_aمصر _xالاحوال الثقافية |
| 651 | 0 | 7 |
_aافريقيا _xالاحوال الثقافية |
| 651 | 0 | 7 |
_aمصر _xالاحوال الثقافية _zافريقيا |
| 942 |
_2ddc _cBK |
||